ARRUPE JESUIT UNIVERSITY

CORONAVIRUS -STOP THE SPREAD - CLEAN,DISINFECT,COVER

Footprints about the Bantustan / (Record no. 125831)

MARC details
000 -LEADER
fixed length control field 00850cam a2200265 a 4500
001 - CONTROL NUMBER
control field 2941040
003 - CONTROL NUMBER IDENTIFIER
control field ARRUPE
005 - DATE AND TIME OF LATEST TRANSACTION
control field 20161201112847.0
008 - FIXED-LENGTH DATA ELEMENTS--GENERAL INFORMATION
fixed length control field 930104s1989 rh a 000 0 eng d
010 ## - LIBRARY OF CONGRESS CONTROL NUMBER
LC control number 89981417
020 ## - INTERNATIONAL STANDARD BOOK NUMBER
International Standard Book Number 0908305087 :
Terms of availability $12.50
035 ## - SYSTEM CONTROL NUMBER
System control number (OCoLC)21521779
040 ## - CATALOGING SOURCE
Original cataloging agency ICIU
Transcribing agency DLC
Modifying agency ICIU
-- DLC
042 ## - AUTHENTICATION CODE
Authentication code lccopycat
050 04 - LIBRARY OF CONGRESS CALL NUMBER
Classification number PR9390.9M28F66
300 ## - PHYSICAL DESCRIPTION
Other physical details ill. ;
Dimensions 21 cm.
100 1# - MAIN ENTRY--PERSONAL NAME
Personal name Mahoso, Tafataona Pasipaipa.
9 (RLIN) 27770
245 10 - TITLE STATEMENT
Title Footprints about the Bantustan /
Statement of responsibility, etc by Tafataona Mahoso.
260 ## - PUBLICATION, DISTRIBUTION, ETC. (IMPRINT)
Place of publication, distribution, etc Harare:
Name of publisher, distributor, etc Nehanda Publishers,
Date of publication, distribution, etc 1989.
300 ## - PHYSICAL DESCRIPTION
Extent vi, 114 p.;
440 #0 - SERIES STATEMENT/ADDED ENTRY--TITLE
Title Writers in Africa ;
Volume number/sequential designation 2
9 (RLIN) 27771
650 ## - SUBJECT ADDED ENTRY--TOPICAL TERM
Topical term or geographic name as entry element Zimbabwe
General subdivision Poetry.
9 (RLIN) 27772
906 ## - LOCAL DATA ELEMENT F, LDF (RLIN)
a 7
b cbc
c copycat
d 4
e ncip
f 19
g y-gencatlg
942 ## - ADDED ENTRY ELEMENTS (KOHA)
Source of classification or shelving scheme Library of Congress Classification
Koha item type Monograph ( Printed materials)
Holdings
Withdrawn status Lost status Source of classification or shelving scheme Damaged status Not for loan Collection code Home library Current library Shelving location Date acquired Total Checkouts Full call number Barcode Date last seen Price effective from Koha item type
    Library of Congress Classification     Main Collection ARRUPE LIBRARY ARRUPE LIBRARY Main Collection 01/12/2016   PR9390.9M28F66 46500010754 01/12/2016 01/12/2016 Monograph ( Printed materials)

 

Arrupe Library. PO Box MP320 Mt Pleasant, Harare, Zimbabwe
263 242 745411|librarian@aju.ac.zw